Ecuaciones diferenciales (Registro nro. 8840)

Detalles MARC
000 -ENCABEZADO
Número de control [NR] 00859nam a2200241Ia 4500
008 - DE LONGITUD FIJA DE DATOS DE ELEMENTOS - INFORMACIÓN GENERAL
Elementos de longitud fija [NR] 130821s1960 sp a gr spa
040 ## - FUENTE DE CATALOGACION [NR]
Agencia de catalogación original [NR] CO-BoUCM
Idioma de catalogación [NR] spa
Quien Cataloga
Quien Clasifica Aldemar Mondragón (modificó)
041 ## - CODIGO DE IDIOMA [R]
Código de idioma para texto/pista de sonido o título separado [R] Español
100 1# - ASIENTO PRINCIPAL--NOMBRE PERSONAL [NR]
Nombre personal [NR] Morris, Max
ID Autoridad 34591
245 10 - MENCION DE TITULO [NR]
Título [NR] Ecuaciones diferenciales
Mención de responsabilidad, etc. [NR] Max Morris y Orley E. Brown ;traducción del inglés por Julio Porcel Moleón
260 ## - PUBLICACION, DISTRIBUCION, ETC. (PIE DE IMPRENTA) [R]
Lugar de publicación, distribución, etc. [R] Madrid (España)
Nombre del editor, distribuidor, etc. [R] Aguilar
Fecha de publicación, distribución, etc. [R] 1960
300 ## - DESCRIPCION FISICA [R]
Extensión [R] 332 páginas
Otros detalles físicos [NR] gráficas
500 ## - NOTA GENERAL [R]
Nota general [NR] Incluye indices
650 #7 - ASIENTO SECUNDARIO DE MATERIA - TERMINO TEMATICO [R]
Término temático o nombre geográfico como elemento de entrada [NR] Álgebra
9 (RLIN) 8813
650 #7 - ASIENTO SECUNDARIO DE MATERIA - TERMINO TEMATICO [R]
Término temático o nombre geográfico como elemento de entrada [NR] Cálculo
9 (RLIN) 10288
650 #7 - ASIENTO SECUNDARIO DE MATERIA - TERMINO TEMATICO [R]
Término temático o nombre geográfico como elemento de entrada [NR] Ecuaciones diferenciales
Fuente del encabezamiento o término [NR] embne
9 (RLIN) 13736
690 ## - ASUNTO AGREGADO LOCAL DE ENTRADA - TÉRMINO TEMÁTICO (OCLC, RLIN)
Acceso temático local Matemáticas
700 1# - ASIENTO SECUNDARIO - NOMBRE PERSONAL [R]
Nombre personal [NR] Brown, Orley E.
9 (RLIN) 34592
700 1# - ASIENTO SECUNDARIO - NOMBRE PERSONAL [R]
Nombre personal [NR] Porcel Moleón, Julio
Término de relación [R] traductor
9 (RLIN) 34593
765 ## - ASIENTO DE IDIOMA ORIGINAL [R]
Título [NR] Diferential equations
942 ## - ELEMENTOS DE ENTRADA AGREGADOS (KOHA)
Tipo de ítem principal el descrito en 300a Libro
Tema principal Ciencias puras
Edición 2
Parte restante de la signatura top. M875e
Sistema de clasificación DEWEY
Clasificación 515.35
Existencias
Fecha de último préstamo Total préstamos Total Renewals Signatura topográfica Código de barras Última vez visto Ejemplar Price effective from Tipo de ítem Nota pública (OPAC) Perdido Sistema de clasificación Dañado No prestable Tipo de ítem específico Suprimido Ubicación habitual Ubicación actual Localización Fecha de creación Forma de adquisición Costo
20/04/2017 2 2 FAD 515.35 M875e 100115348 04/12/2025 Ej.3 03/02/2013 Libro Galería de donantes   DEWEY     Fondos especiales   Claustro Claustro 3er piso 28/02/2011 Donación 26000.00
04/07/2024 15 3 515.35 M875e 100002920 04/12/2025 Ej.1 03/02/2013 Libro Fundamentos Matemáticos   DEWEY     Libro   Claustro Claustro 4to piso 28/02/2003 Compra 80.00